| 000 | 00568nam a2200193Ia 4500 | ||
|---|---|---|---|
| 999 |
_c36195 _d36195 |
||
| 001 | 2098 | ||
| 003 | GE_BSU | ||
| 005 | 20221024144127.0 | ||
| 008 | 181216s1990en xx |||||||||||||| ||eng|| | ||
| 040 | _cGE_BSU | ||
| 041 | _aeng | ||
| 080 | _a811.111 L-24 | ||
| 245 |
_aLanguage Teaching Methods by Diane Larsen-Freeman : _bTeacher's handbook for the video series |
||
| 264 |
_aWashington, _c1990. |
||
| 300 |
_a60 c.: _b 28 cm. |
||
| 653 | _aLanguage Teaching Methods by Diane Larsen-Freeman | ||
| 653 | _aინგლისური ენა | ||
| 942 |
_cBK _2udc |
||